| 000 | 00929cam a2200301 4500 | ||
|---|---|---|---|
| 008 | 090401t1996 xxu||||| |||| 00| 0 eng d | ||
| 020 | _a0632040874 | ||
| 035 | _a(Sirsi) u57974 | ||
| 041 | _aeng | ||
| 050 | _a690.22 | ||
| 110 |
_aPowerGen plc _91553 |
||
| 245 | 4 | _aThe CDM Regulations: a design risk assessment manual | |
| 260 |
_aOxford _bBlackwell Science _c1996 |
||
| 300 | _a1v.(loose-leaf) ; 30cm. | ||
| 350 | _a49.5 | ||
| 650 | _aBUILT ENVIRONMENT-CONSTRUCTION DESIGN | ||
| 650 | _aCONSTRUCTION (DESIGN AND MANAGEMENT) REGULATIONS 1994 | ||
| 650 | _aCONSTRUCTION (DESIGN AND MANAGEMENT) REGULATIONS 1994 | ||
| 650 | _aDEMOLITION | ||
| 650 | _aDESIGN RISK ASSESSMENT MANUAL | ||
| 650 | _aDESIGNERS | ||
| 650 | _aRISK ASSESSMENT | ||
| 650 | _aSITE SAFETY | ||
| 690 | _aBUILT ENVIRONMENT-BUILDING STANDARDS | ||
| 700 |
_aWilliams, Brenig & Tubb, Dave, _xEditor |
||
| 942 | _n0 | ||
| 948 | _c04/03/1997 | ||
| 999 |
_c94006 _d94006 |
||